Southville International School and Colleges
Your cart is empty.
  • Cart
  • Lists
    Public lists Eva Luna New books Lux_list list_1
    Your lists Log in to create your own lists
  • Log in to your account
  • Your cookies
  • Search history
Southville International School and Colleges
  • Advanced search
  • Recent comments
  • Most popular
  • Libraries

Log in to your account

Log in with GOOGLE


If you do not have an external account, but do have a local account, you can still log in:

  1. Home
  2. MARC view: Trigonometry:
Normal view MARC view ISBD view

Trigonometry: (Record no. 35897)

[ view plain ]
MARC details
000 -LEADER
fixed length control field 00481nam a22001697a 4500
003 - CONTROL NUMBER IDENTIFIER
control field OSt
005 - DATE AND TIME OF LATEST TRANSACTION
control field 20140311134815.0
008 - FIXED-LENGTH DATA ELEMENTS--GENERAL INFORMATION
fixed length control field 130530t xxu||||| |||| 00| 0 eng d
020 ## - INTERNATIONAL STANDARD BOOK NUMBER
International Standard Book Number 9710861697
050 ## - LIBRARY OF CONGRESS CALL NUMBER
Classification number QA 538
Item number .N758 2001
082 ## - DEWEY DECIMAL CLASSIFICATION NUMBER
Classification number FIL 516.24
Item number T73 2001
245 ## - TITLE STATEMENT
Title Trigonometry:
Remainder of title Calculator-Based With Applications
Statement of responsibility, etc Nocon, Ferdinand P.
260 ## - PUBLICATION, DISTRIBUTION, ETC. (IMPRINT)
Place of publication, distribution, etc Pasig City
Name of publisher, distributor, etc Capitol Publishing House Inc.
Date of publication, distribution, etc C2001
300 ## - PHYSICAL DESCRIPTION
Extent 293 p.
942 ## - ADDED ENTRY ELEMENTS (KOHA)
Source of classification or shelving scheme Library of Congress Classification
Koha item type Books
Call number prefix Filipininana
Holdings
Withdrawn status Lost status Source of classification or shelving scheme Damaged status Home library Current library Shelving location Date acquired Total Checkouts Full call number Barcode Date last seen Copy number Price effective from Koha item type
    Library of Congress Classification   College Library College Library Filipiniana Section 05/30/2013   QA 538 .N758 2001 C1126 05/08/2018 1 05/30/2013 Books

Trigonometry:

APA

(2001). Trigonometry. Pasig City: Capitol Publishing House Inc.

Chicago

2001. Trigonometry. Pasig City: Capitol Publishing House Inc.

Harvard

(2001). Trigonometry. Pasig City: Capitol Publishing House Inc.

MLA

Trigonometry. Pasig City: Capitol Publishing House Inc. 2001.

  • Place hold
  • Print
  • Cite
  • Add to your cart (remove)
  • Save record
    BIBTEX Dublin Core MARCXML MARC (non-Unicode/MARC-8) MARC (Unicode/UTF-8) MARC (Unicode/UTF-8, Standard) MODS (XML) RIS
  • More searches
    Search for this title in:
    Other Libraries (WorldCat) Other Databases (Google Scholar) Online Stores (Bookfinder.com) Open Library (openlibrary.org)

Exporting to Dublin Core...

SOUTHVILLE LIBRARY

Southville International School and Colleges Library

1281 Tropical Ave. Cor. Luxembourg St., BF Homes International, Las Pinas City

Tel. No. 8256374 / 252358 Loc. 117/146

Powered by Koha